000 00615 a2200217 4500
003 Nust
005 20170207153208.0
010 _a 92021126
020 _a020150037X
040 _cNust
082 0 0 _a519.2
100 2 _aLeon-Garcia, Alberto.
245 1 0 _aProbability and random processes for electrical engineering /
_cAlberto Leon-Garcia.
250 _a2nd ed.
260 _aReading, Mass. :
_bAddison-Wesley,
_cc1994.
300 _axii, 596 p. :
_bill. ;
_c24 cm.
500 _aIncludes index.
650 0 _aElectrical engineering
_xMathematics.
650 0 _aProbabilities.
650 0 _aStochastic processes.
942 _2ddc
_cBK
999 _c181278
_d181278